مكتبة جامعة عجلون الوطنية

فهرس بحث المكتبة

Normal view MARC view
  • Perreault,William D/E. Jerome McCarthy

Entry Personal Name

Number of records used in: 1

001 - CONTROL NUMBER

  • control field: 1479

003 - CONTROL NUMBER IDENTIFIER

  • control field: JO-AjAnu

005 - DATE AND TIME OF LATEST TRANSACTION

  • control field: 20230606070539.0

008 - FIXED-LENGTH DATA ELEMENTS

  • fixed length control field: 230606|| aca||aabn | a|a d

040 ## - CATALOGING SOURCE

  • Original cataloging agency: JO-AjAnu
  • Transcribing agency: JO-AjAnu

100 ## - HEADING--PERSONAL NAME

  • Personal name: Perreault,William D/E. Jerome McCarthy

670 ## - SOURCE DATA FOUND

  • Source citation: Work cat.: (JO-AjAnu)779: Perreault,William D/E. Jerome McCarthy, author, Basic Marketing:A Global-Managerial Approach